000 00868cam a2200229 4500
008 020919n2002 000 0 eng u
020 _a184219108X
035 _a(Sirsi) u119745
041 _aeng.
100 _aBanister, David
245 _aMaking transport work: business and the local transport plan process
260 _aLondon
_bRICS
_c2002
300 _a34p.
_c31cm.
520 _aA study which provides chartered surveyors, local government, and businesses with a quick reference guide to how they may become involved in the local transport plan process.
520 _aAlso has the 'Breakfast launch' booklet.
650 _aLOCAL TRANSPORT PLANS
650 _aBUSINESSES
650 _aPLANNING
690 _aTRANSPORT AND COMMUNICATIONS
710 _aRoyal Institution of Chartered Surveyors
_bPlanning and Development Faculty
_94351
942 _n0
999 _c102378
_d102378